000 nam a22 a 4500
999 _c1977
_d1977
003 AKMAL
005 20170512160249.0
008 170512s2006 my | e | o000 0 may d
020 _a967891719X (kkt.) :
_cRM27.50
039 9 _a201006230916
_bmarsila
_c200811190838
_djalil
_c200807111519
_dnormila
_c200806261641
_djalil
040 _aAKMAL
_cAKMAL
049 _aklpmal
082 0 4 _a351.076 PEN
_222
090 0 0 _a351.076
_bPEN
090 2 0 _a351.076
_bPEN
245 0 0 _aPenilaian tahap kecekapan (PTK) :
_baspek kompetensi teras : panduan dan rujukan untuk peperikasaan am kerajaan
260 _aPetaling Jaya :
_bInternational Law Book Services,
_c2006
300 _aiv, 317ms. ;
_c25cm.
650 1 0 _aPublic service commissions
_zMalaysia
_9458
650 2 0 _aCivil service
_zMalaysia
_xExaminations
_9459
650 2 0 _aPublic administration
_zMalaysia
_9419
942 _2ddc
_cBOOK